| 000 | 00403nam a22001697a 4500 | ||
|---|---|---|---|
| 003 | OSt | ||
| 005 | 20211028145320.0 | ||
| 008 | 211028b |||||||| |||| 00| 0 eng d | ||
| 020 | _a0300072368 | ||
| 040 | _chu | ||
| 082 | _a305.5,20973 | ||
| 100 |
_arichardl.zweigenhaft _916086 |
||
| 245 | _adiversity in the power elite | ||
| 260 |
_aunited states _bhall |
||
| 300 | _a215p | ||
| 942 |
_2ddc _cBOOKS _n0 |
||
| 999 |
_c15583 _d15583 |
||